000 00367 a2200157 4500
001 83582
082 _a629.13252 LOW
090 _c40028
_d40028
100 _aLowe, Andrew
245 _aApplies Aviation Psychology
250 _a1
260 _aUK
_bAshgate Publisher
_c1996
300 _axxxii 484p.
500 _aBS DOS Textbooks
505 _aGifted Books
942 _acaenust
_k629.13252 LOW
999 _c318655
_d318655